[Event "TCh-HUN 2008-9"]
[Site "Paks HUN"]
[Date "2009.01.25"]
[Round "6"]
[White "Groszpeter,A"]
[Black "Lupulescu,C"]
[Result "1/2-1/2"]
[WhiteElo "2554"]
[BlackElo "2594"]

1.e4 c5 2.Nf3 d6 3.d4 cxd4 4.Nxd4 Nf6 5.Nc3 Nc6 6.Bg5 e6 7.Qd2 a6 8.O-O-O Bd7
9.f4 b5 10.Bxf6 gxf6 11.Nf3 b4 12.Ne2 Qb6 13.g3 a5 14.Ned4 Nxd4 15.Qxd4 Qxd4
16.Nxd4 Rb8 17.Nb3 Bc6 18.Bd3 a4 19.Na5 Ba8 20.Rhe1 Be7 21.b3 axb3 22.axb3 d5
23.exd5 exd5 24.Bf5 Kf8 25.Bd7 Rb6 26.Kd2 Bc5 27.Re8+ Kg7 28.Rxh8 Kxh8 29.Ra1 Kg7
30.Ra4 Bg1 31.Ke2 Ra6 32.Kf1 Bc5 33.Bb5 Rb6 34.Bd7 Rd6 35.Bc8 Rb6 36.Bd7 h5
37.h4 Ra6 38.Bb5 Re6 39.Nc4 Bb7 40.Nb2 Be3 41.Nd3 Bd4 42.Bd7 Re7 43.Rxb4 Rxd7
44.Rxd4 Rc7 45.Nb4 Kg6 46.Ke1 Rc5 47.Kd2 Kf5 48.Nd3 Rc8 49.Nf2 Rg8 50.Rd3 Ke6
51.Nd1 Ba6 52.Rc3 Bb7 53.b4 d4 54.Ra3 Be4 55.Nf2 f5 56.Nd3 Ke7 57.b5 Kd6
58.Ra4 Kd5 59.b6 Bxd3 60.cxd3 Kc6 61.Rb4 Kb7 62.Rxd4 Kxb6 63.Rd6+ Kc5 64.Rf6 Rxg3
65.Rxf7 Kd4 66.Rd7+ Kc5 67.Ra7 Rg4 68.Ke3 Kd6 69.Ra6+ Ke7 70.Ra7+ Ke6 71.Ra6+ Ke7  1/2-1/2

[Event "LIX Verano Open"]
[Site "Villa Ballester ARG"]
[Date "2009.01.27"]
[Round "6"]
[White "Scarzello,A"]
[Black "Anelli,A"]
[Result "0-1"]
[WhiteElo "2065"]
[BlackElo "2193"]

1.e4 c5 2.Nf3 d6 3.d4 cxd4 4.Nxd4 Nf6 5.Nc3 Nc6 6.Bg5 e6 7.Qd2 a6 8.O-O-O Bd7
9.f3 b5 10.Kb1 Be7 11.h4 Qc7 12.Be3 b4 13.Nce2 e5 14.Nf5 Bxf5 15.exf5 d5
16.Bg5 O-O 17.g4 Rfd8 18.Bxf6 Bxf6 19.g5 Be7 20.f6 Bf8 21.h5 e4 22.g6 Ne5
23.h6 gxf6 24.g7 Be7 25.Nd4 Bc5 26.f4 Nc4 27.Qh2 Nxb2 28.Bh3 Na4 29.Nb3 Nc3+
30.Ka1 Bd6 31.Bf5 Nxd1 32.Rxd1 Bxf4 33.Qh3 Qc3+ 34.Qxc3 bxc3 35.Nc5 Bxh6  0-1

[Event "ch-PriFO"]
[Site "Kazan RUS"]
[Date "2009.01.28"]
[Round "8"]
[White "Bukavshin,I"]
[Black "Akhmadeev,Vad"]
[Result "1-0"]
[WhiteElo "2326"]
[BlackElo "2424"]

1.e4 c5 2.Nf3 d6 3.d4 cxd4 4.Nxd4 Nf6 5.Nc3 Nc6 6.Bg5 Qb6 7.Nb3 e6 8.Bxf6 gxf6
9.Be2 a6 10.O-O Bd7 11.Kh1 O-O-O 12.Bh5 Be8 13.Qf3 Be7 14.Qh3 Kb8 15.f4 Nb4
16.Rac1 d5 17.exd5 Nxd5 18.Nxd5 Rxd5 19.c4 Rd8 20.c5 Qc7 21.Rf2 f5 22.Qc3 Rg8
23.g3 Bc6+ 24.Bf3 Rc8 25.Kg1 Rgd8 26.Bxc6 Qxc6 27.Qg7 Rc7 28.Qxh7 a5 29.Qg7 a4
30.Nd4 Qe4 31.Nb5 Bxc5 32.Rxc5 Rxc5 33.Nc3 Qc6 34.a3 Qd7 35.h4 Qe8 36.Kh2 Ra5
37.h5 Qg8 38.Qf6 Re8 39.Rd2 Kc8 40.Ne2 Kb8 41.Nc3 Kc8 42.Ne4 Kb8 43.Nd6 Rd8
44.h6 Rd7 45.Qg7 Qd8 46.h7 Rxd6 47.Rxd6 Qxd6 48.h8=Q+  1-0

[Event "ch-PriFO"]
[Site "Kazan RUS"]
[Date "2009.01.29"]
[Round "9"]
[White "Shaposhnikov,E"]
[Black "Voitsekhovsky,S"]
[Result "1/2-1/2"]
[WhiteElo "2544"]
[BlackElo "2523"]

1.e4 c5 2.Nf3 Nc6 3.d4 cxd4 4.Nxd4 Nf6 5.Nc3 d6 6.Bg5 e6 7.Qd2 a6 8.O-O-O Bd7
9.f3 Be7 10.h4 h5 11.Kb1 b5 12.Nxc6 Bxc6 13.Bd3 Qc7 14.Ne2 Bb7 15.Nd4 g6
16.Rhe1 e5 17.Ne2 Kf8 18.Ng3 Kg7 19.f4 exf4 20.Bxf4  1/2-1/2

[Event "7th Gibtelecom Masters"]
[Site "Caleta ENG"]
[Date "2009.01.31"]
[Round "5"]
[White "Getz,N"]
[Black "Bishop,P"]
[Result "1-0"]
[WhiteElo "2190"]
[BlackElo "1775"]

1.e4 c5 2.Nf3 d6 3.d4 cxd4 4.Nxd4 Nf6 5.Nc3 Nc6 6.Bg5 Qb6 7.Ndb5 e6 8.Be3 Qd8
9.Bf4 e5 10.Bg5 a6 11.Na3 Be7 12.Bxf6 Bxf6 13.Nc4 Nd4 14.Nd5 b5 15.Ncb6 Rb8
16.Nxc8 Rxc8 17.c3 Nc6 18.a4 O-O 19.axb5 axb5 20.Bxb5 Bg5 21.Ra6 Nb8 22.Ra7 Nc6
23.Bxc6 Rxc6 24.h4 Qb8 25.Qa4 Bd8 26.O-O Rc5 27.b4 Rc4 28.g3 Rxe4 29.Qd7 h5
30.Rfa1 Bxh4 31.gxh4 Rg4+ 32.Kf1 Qd8 33.Qxd8 Rxd8 34.Ra8 Rxa8 35.Rxa8+ Kh7
36.b5 Rxh4 37.b6 Rh1+ 38.Kg2 Rb1 39.Ra4  1-0

[Event "7th Gibtelecom Masters"]
[Site "Caleta ENG"]
[Date "2009.01.31"]
[Round "5"]
[White "Berg,E"]
[Black "Hommeles,T"]
[Result "1-0"]
[WhiteElo "2606"]
[BlackElo "2410"]

1.e4 c5 2.Nf3 Nc6 3.d4 cxd4 4.Nxd4 Nf6 5.Nc3 d6 6.Bg5 e6 7.Qd2 a6 8.O-O-O Bd7
9.f3 b5 10.Nxc6 Bxc6 11.Ne2 Rc8 12.Nd4 Bb7 13.Kb1 Be7 14.h4 h6 15.Be3 Nd7
16.g4 Ne5 17.Be2 Bxh4 18.Rxh4 Qxh4 19.Nxb5 O-O 20.Nxd6 Rc7 21.c4 Rd7 22.c5 Bc6
23.Bd4 Qh2 24.f4 Bxe4+ 25.Nxe4 Nc6 26.Nd6 Nxd4 27.Bxa6 Qxd2 28.Rxd2 Nc6 29.Bb5 Rc7
30.Bxc6 Rxc6 31.b4 Rb8 32.Rb2 Kf8 33.a4 Ke7 34.Kc2 h5 35.gxh5 Rh8 36.Kb3 Rxh5
37.a5 Rh4 38.Ra2 Rxd6 39.cxd6+ Kxd6 40.a6 Rh8 41.Rc2  1-0

[Event "Arcapita Open"]
[Site "Manama BHN"]
[Date "2009.01.31"]
[Round "7"]
[White "Shetty,R"]
[Black "Sulashvili,M"]
[Result "1/2-1/2"]
[WhiteElo "2311"]
[BlackElo "2445"]

1.e4 c5 2.Nf3 d6 3.d4 cxd4 4.Nxd4 Nf6 5.Nc3 Nc6 6.Bg5 e6 7.Qd2 Qb6 8.O-O-O Qxd4
9.Qxd4 Nxd4 10.Rxd4 a6 11.f3 Be7 12.Na4 Nd7 13.Bxe7 Kxe7 14.c4 Nc5 15.Nb6 Rb8
16.Be2 Rd8 17.Rhd1 e5 18.R4d2 Ne6 19.b3 Nd4 20.Bd3 Be6 21.Kb2 g5 22.Rf2 h5
23.g3 Rg8 24.Rc1 Rg6 25.b4 Rf6 26.Rcf1 Kd8 27.f4 gxf4 28.gxf4 Rxf4 29.Rxf4 exf4
30.Rxf4 Nc6 31.Kc3 Ne5 32.Be2 Ke7 33.Nd5+ Bxd5 34.exd5 Rg8 35.h4 Rg3+ 36.Kd4 a5
37.bxa5 Ra3 38.Bxh5 Rxa2 39.c5 Ra4+ 40.Ke3 Rxa5 41.cxd6+ Kxd6 42.Bxf7 Ra3+
43.Ke2 Ra2+ 44.Ke3  1/2-1/2

[Event "7th Gibtelecom Masters"]
[Site "Caleta ENG"]
[Date "2009.02.04"]
[Round "9"]
[White "Nithander,V"]
[Black "Hauchard,A"]
[Result "1/2-1/2"]
[WhiteElo "2369"]
[BlackElo "2497"]

1.e4 c5 2.Nf3 d6 3.d4 cxd4 4.Nxd4 Nf6 5.Nc3 Nc6 6.Bg5 e6 7.Qd2 Be7 8.O-O-O O-O
9.f4 Nxd4 10.Qxd4 Qa5 11.Bc4 b5 12.Bb3 h6 13.Bxf6 Bxf6 14.e5 dxe5 15.fxe5 Bg5+
16.Kb1 Bb7 17.Ne4 Bxe4 18.Qxe4 Rad8 19.h4 Rxd1+ 20.Rxd1 Rd8 21.c3 Rxd1+ 22.Bxd1 Qd8
23.Bc2 Bxh4 24.Qh7+ Kf8 25.Qh8+ Ke7 26.Qxg7 Bg5 27.a3 a5 28.Qh7 Qd5 29.Qe4 Qxe4
30.Bxe4 b4 31.axb4 axb4 32.cxb4 Bf4 33.g4 Bxe5 34.Kc2 Kf6 35.Bc6 Bd4 36.Kd3 Bxb2
37.Ke4 Ba3 38.b5 Bc5 39.Kf3 Bb6 40.Be8 Ke7 41.Bc6 Kd6 42.Be8 f6 43.Bg6 Ke5
44.Bf7 f5 45.gxf5 Kxf5 46.Bxe6+ Kxe6 47.Kg2 Kf5 48.Kh1  1/2-1/2

[Event "TCh-NED 2008-9"]
[Site "Netherlands NED"]
[Date "2009.02.07"]
[Round "5"]
[White "Van den Doel,E"]
[Black "Bitalzadeh,A"]
[Result "1-0"]
[WhiteElo "2568"]
[BlackElo "2310"]

1.e4 c5 2.Nf3 d6 3.d4 cxd4 4.Nxd4 Nf6 5.Nc3 Nc6 6.Bg5 Bd7 7.Be2 h6 8.Bxf6 gxf6
9.O-O Rg8 10.Nf5 Qa5 11.Nd5 Qd8 12.Bh5 Bg7 13.b4 Rc8 14.Re1 Bxf5 15.exf5 Rc7
16.Bxf7+ Kxf7 17.Qh5+ Kf8 18.Nf4 Nd4 19.Ng6+  1-0

[Event "TCh-NED 2008-9"]
[Site "Netherlands NED"]
[Date "2009.02.07"]
[Round "5"]
[White "Okkes,M"]
[Black "Blokhuis,J"]
[Result "1/2-1/2"]
[WhiteElo "2359"]
[BlackElo "2355"]

1.e4 c5 2.Nf3 Nc6 3.d4 cxd4 4.Nxd4 Nf6 5.Nc3 d6 6.Bg5 e6 7.Qd2 Be7 8.O-O-O Nxd4
9.Qxd4 O-O 10.f4 Qa5 11.e5 dxe5 12.Qxe5 Qxe5 13.fxe5 Nd5 14.Bxe7 Nxe7 15.Bd3 b6
16.Be4 Rb8 17.Rhe1 Bb7 18.Rd7 Bxe4 19.Rxe4 Nc6 20.Nb5 Rfd8 21.Rc7 Rdc8 22.Rxc8+ Rxc8
23.Rc4 Ne7 24.Rxc8+ Nxc8 25.Kd2 Kf8 26.Ke3 Ke7 27.c4 Kd7 28.b4 a6 29.Nd4 Ne7
30.g4 h6 31.h4 Ng6 32.Nf3 Ne7 33.a4 Nc6 34.b5 axb5 35.axb5 Na5 36.Nd2 f6
37.Kd4 Nb7 38.exf6 gxf6 39.Ne4 Ke7 40.h5 Na5 41.Nd2  1/2-1/2

[Event "TCh-HUN 2008-9"]
[Site "Budapest HUN"]
[Date "2009.02.08"]
[Round "7"]
[White "Straubinger,D"]
[Black "Madl,I"]
[Result "1/2-1/2"]
[WhiteElo "2133"]
[BlackElo "2376"]

1.e4 c5 2.Nf3 d6 3.d4 cxd4 4.Nxd4 Nf6 5.Nc3 Nc6 6.Bg5 e6 7.Qd2 a6 8.O-O-O Bd7
9.f4 Be7 10.Kb1 h6 11.Bxf6 Bxf6 12.Nf3 Be7 13.Bd3 Qa5 14.Rhe1 O-O-O 15.Ne2 Qxd2
16.Rxd2 g5 17.g3 Rhg8 18.Ned4 gxf4 19.gxf4 Rg4 20.Ne2 Rdg8 21.Rdd1 Bf6 22.c3 Kc7
23.Rg1 Rg2 24.Rxg2 Rxg2 25.Ng3 Ne7 26.Rg1 Rxg1+ 27.Nxg1 Ng6 28.N1e2 Nh4 29.Nf1 Nf3
30.Neg3 Bh4 31.Be2 Nxh2 32.Kc2 Nxf1 33.Nxf1 Bc6 34.Bd3 Kd7 35.Kd2 Bd8 36.Ng3 Ke7
37.Ke2 Bb6 38.Nh5 Bg1 39.Ng3 f6 40.c4 a5 41.b3 Bd4 42.Bc2 Bb2 43.Kd2 Be8
44.Bd1 Bd4 45.Nh5 Bf2 46.Bf3 Bc6 47.Ke2 Bh4 48.f5 Bg5 49.Ng7 e5 50.a4 Bd7
51.Kd3 Bh4 52.Bg4 Bf2 53.Ke2 Bc5 54.Kd3 Bc6 55.Bf3 Kf7 56.Nh5 Be8 57.Bg4 Bb6
58.Bf3 Bd8 59.Ke3 Ke7 60.Kd3 Kd7 61.Ng3 Bf7 62.Kd2 Bb6 63.Nh5 Ke7 64.Ke2 Bd4
65.Ng3 Bg1 66.Nh5 Bh2 67.Ke3 Be8 68.Bd1 Bf4+ 69.Kd3 Bf7 70.Bf3 Bg5 71.Bd1 Kd7
72.Ng7 Kc6 73.Bf3 Kc5 74.Kc3 Bh4 75.Ne6+ Kb6 76.Ng7 Be1+ 77.Kd3 Kc5 78.Bh5 Bxh5
79.Nxh5 Bh4 80.Kc3 Kc6 81.Kd3 Kb6 82.Kc2 Kc5 83.Kc3 Bg5 84.Ng7 Be3 85.Nh5 Bg5  1/2-1/2

[Event "FSGM February"]
[Site "Budapest HUN"]
[Date "2009.02.09"]
[Round "3"]
[White "Konnyu,J"]
[Black "Nguyen Huynh Minh Huy"]
[Result "1-0"]
[WhiteElo "2405"]
[BlackElo "2465"]

1.e4 c5 2.Nf3 d6 3.d4 Nf6 4.Nc3 cxd4 5.Nxd4 Nc6 6.Bg5 e6 7.Qd2 a6 8.O-O-O Bd7
9.f3 Be7 10.h4 h6 11.Be3 Rc8 12.Kb1 Ne5 13.g4 b5 14.Qg2 b4 15.Nce2 Nc4 16.Bc1 g6
17.g5 Nh5 18.gxh6 e5 19.Nb3 Qc7 20.Na1 Be6 21.Rd3 a5 22.Qf2 Qd7 23.f4 Bf6
24.f5 gxf5 25.exf5 Bxf5 26.Rf3 Be4 27.Bh3 Qc6 28.Rxf6 Rb8 29.Nd4 exd4 30.Rxf7 Na3+
31.bxa3 bxa3+ 32.Nb3 Qc3 33.Be6 Nf6 34.Re1 d3 35.Rxe4 Nxe4 36.Re7+ Kd8 37.Rd7+ Kc8
38.Rxd6+ Kc7 39.Qf7+ Kxd6 40.Qd7+ Ke5 41.Qd5+ Kf6 42.Bg5+ Nxg5 43.hxg5+ Kg6
44.Bf7+  1-0

[Event "ch-CZE Juniors"]
[Site "Decin CZE"]
[Date "2009.02.12"]
[Round "3"]
[White "Ponizil,C"]
[Black "Krejci,Jan2"]
[Result "1/2-1/2"]
[WhiteElo "2245"]
[BlackElo "2426"]

1.e4 c5 2.Nf3 Nc6 3.d4 cxd4 4.Nxd4 Nf6 5.Nc3 d6 6.Bg5 e6 7.Qd2 a6 8.O-O-O Bd7
9.f4 h6 10.Bxf6 Qxf6 11.Nf3 Qd8 12.Kb1 Qc7 13.Bd3 Be7 14.Rhe1 O-O-O 15.Nd5 exd5
16.exd5 Bf6 17.dxc6 Bxc6 18.Bf5+ Kb8 19.Nd4  1/2-1/2

[Event "FSGM February"]
[Site "Budapest HUN"]
[Date "2009.02.13"]
[Round "7"]
[White "Konnyu,J"]
[Black "Wittmann,W"]
[Result "1/2-1/2"]
[WhiteElo "2405"]
[BlackElo "2269"]

1.e4 c5 2.Nf3 Nc6 3.d4 cxd4 4.Nxd4 Nf6 5.Nc3 d6 6.Bg5 Bd7 7.Qd2 Rc8 8.f4 h6
9.Bxf6 gxf6 10.Bb5 a6 11.Nxc6 Bxc6 12.Bxc6+ Rxc6 13.O-O-O e6 14.Kb1 Be7 15.Rhf1 Qa5
16.Qd3 Kd7 17.Ne2 Rhc8 18.Nd4 Rc4 19.Rf2 Qb6 20.Rfd2 a5 21.e5 d5 22.Qh7 fxe5
23.fxe5 Qc7 24.Nf3 Rb4 25.b3 Qc3 26.Re2 a4 27.Rd3 Qc4 28.Qxf7 axb3 29.axb3 Qa6
30.Red2 Rb5 31.Rd1 Ra5 32.Kc1 Rxc2+ 33.Kxc2 Ra2+ 34.Kb1 Ra1+ 35.Kb2 Qa3+
36.Kc3 Qa5+ 37.Kb2 Qa3+ 38.Kc3 Qa5+ 39.Kb2  1/2-1/2

[Event "ch-CZE Juniors"]
[Site "Decin CZE"]
[Date "2009.02.13"]
[Round "4"]
[White "Svoboda,V2"]
[Black "Rojicek,V"]
[Result "0-1"]
[WhiteElo "2288"]
[BlackElo "2375"]

1.e4 c5 2.Nf3 d6 3.d4 cxd4 4.Nxd4 Nf6 5.Nc3 Nc6 6.Bg5 e6 7.Qd2 a6 8.O-O-O Bd7
9.f3 h6 10.Be3 b5 11.Nxc6 Bxc6 12.h4 Rc8 13.Kb1 Be7 14.g4 Nd7 15.Rg1 Ne5
16.Qg2 Qc7 17.f4 b4 18.Nd5 Bxd5 19.exd5 Nxg4 20.Qxg4 Qxc2+ 21.Ka1 Bf6 22.Rb1 Qa4
23.Qd1 Bxb2+ 24.Kxb2 Qa3+ 25.Ka1 Qxe3 26.Qb3 Rc3 27.Qa4+ Ke7 28.Qxb4 Rc1
29.Qb7+ Kf8 30.Rg2 Qxf4 31.dxe6 Qf6+ 32.Rb2 Rxb1+ 33.Kxb1 Qxf1+ 34.Kc2 Qe2+
35.Kc1 Qf1+ 36.Kd2 Qf4+ 37.Kd1 Qf1+ 38.Kd2 Qf4+ 39.Kd1 Kg8 40.e7 Kh7 41.Re2 Qa4+
42.Kc1 Re8 43.h5 Qc4+ 44.Kd1 Qd4+ 45.Ke1 Qg1+ 46.Kd2 Qd4+ 47.Ke1 Qh4+ 48.Kf1 Qf6+
49.Ke1 Qh4+ 50.Kf1 Qh3+ 51.Ke1 Qc3+ 52.Kf1 Qc1+ 53.Kg2 Qg5+ 54.Kf1 Qb5 55.Qc7 Qxh5
56.Qd7 Qf3+ 57.Ke1 Qg3+ 58.Kf1 Qf4+ 59.Ke1 Rb8 60.Kd1 Rb1+ 61.Kc2 Qc1+ 62.Kd3 Qa3+
63.Kc4 Rb4+ 64.Kd5 Qa5+  0-1

[Event "TCh-BEL 2008-9"]
[Site "Belgium BEL"]
[Date "2009.02.15"]
[Round "9"]
[White "Willemze,T"]
[Black "Ahn,M"]
[Result "1-0"]
[WhiteElo "2417"]
[BlackElo "2321"]

1.e4 c5 2.Nf3 d6 3.d4 cxd4 4.Nxd4 Nf6 5.Nc3 Nc6 6.Bg5 g6 7.Bxf6 exf6 8.Bb5 Bd7
9.O-O a6 10.Ba4 Be7 11.Nd5 O-O 12.c4 Re8 13.Nxc6 bxc6 14.Nc3 Rb8 15.b3 Qa5
16.Qd2 f5 17.Rad1 Qc5 18.exf5 Bxf5 19.Qf4 d5 20.Qf3 dxc4 21.b4 Rxb4 22.Bxc6 Bg4
23.Qe4 Bf5 24.Qd5 Rc8 25.Bd7 Bd3 26.Bxc8 Qxc8 27.Rfe1 Bf6 28.Rc1 Kg7 29.Ne4 Bb2
30.Qxd3 Bxc1 31.Qc3+ f6 32.Qxb4 Bf4 33.Qe7+  1-0

[Event "ch-CZE Juniors"]
[Site "Decin CZE"]
[Date "2009.02.17"]
[Round "8"]
[White "Bures,J"]
[Black "Rojicek,V"]
[Result "1/2-1/2"]
[WhiteElo "2264"]
[BlackElo "2375"]

1.e4 c5 2.Nf3 d6 3.d4 cxd4 4.Nxd4 Nf6 5.Nc3 Nc6 6.Bg5 e6 7.Qd2 a6 8.O-O-O Bd7
9.f4 h6 10.Bh4 g5 11.fxg5 Ng4 12.e5 hxg5 13.Nxc6 Bxc6 14.Bxg5 Qxg5 15.Qxg5 Bh6
16.Qxh6 Rxh6 17.Rxd6 Ke7 18.h3 Rg8 19.Nd1 Nxe5 20.Rd2 Rg3 21.Re2 Ng6 22.Ne3 Be4
23.Kd2 Nf4 24.Rf2 e5 25.Bd3 Rd6 26.Nc4 Nxd3 27.Rxf7+ Ke6 28.Nxd6 Bxg2 29.Rg1 Nf4
30.Ne4 Bxe4 31.Rxg3 Kxf7 32.Re3 Bc6  1/2-1/2

[Event "69th Noteboom Mem GpA"]
[Site "Leiden NED"]
[Date "2009.02.21"]
[Round "4"]
[White "Admiraal,M"]
[Black "Nijboer,F"]
[Result "0-1"]
[WhiteElo "2020"]
[BlackElo "2560"]

1.e4 c5 2.Nf3 Nc6 3.d4 cxd4 4.Nxd4 Nf6 5.Nc3 d6 6.Bg5 e6 7.Qd2 a6 8.O-O-O Bd7
9.f4 b5 10.Bxf6 gxf6 11.Nxc6 Bxc6 12.Qe1 h5 13.Kb1 Qa5 14.Bd3 O-O-O 15.f5 Kb7
16.Ne2 Qxe1 17.Rhxe1 Bh6 18.Nd4 Bd7 19.c4 Kb6 20.cxb5 axb5 21.Bc2 Bf4 22.Nf3 h4
23.Nxh4 Bxh2 24.Nf3 Bf4 25.Rh1 Bc8 26.Rh3 Rxh3 27.gxh3 Rh8 28.h4 Bb7 29.Nd4 Rxh4
30.fxe6 fxe6 31.Nxe6 Be5 32.Nd4 Bxd4 33.Rxd4 Rh1+ 34.Rd1 Rxd1+ 35.Bxd1 Bxe4+
36.Kc1 Kc5 37.Kd2 f5 38.Ke3 d5 39.Bb3 d4+ 40.Kf4 Bd5 41.Bc2 Bxa2 42.Kxf5 Bg8
43.Ke5 Kc4 44.Bb1 d3 45.Kf4 Kd4 46.Kf3 Bb3  0-1

[Event "2nd Pfalz Open"]
[Site "Neustadt an der Weinstrasse GER"]
[Date "2009.02.22"]
[Round "9"]
[White "Meszaros,Mi"]
[Black "Lupulescu,C"]
[Result "1/2-1/2"]
[WhiteElo "2376"]
[BlackElo "2608"]

1.e4 c5 2.Nf3 d6 3.d4 cxd4 4.Nxd4 Nf6 5.Nc3 Nc6 6.Bg5 e6 7.Qd2 a6 8.O-O-O Bd7
9.f3 Be7 10.Be3 h5 11.Kb1 Qc7 12.Nxc6 Bxc6 13.Ne2 d5 14.e5 Nd7 15.f4 Bb5
16.g3 Nb6 17.Qa5 Bd8 18.Bxb6 Qxb6 19.Qxb6 Bxb6 20.Nd4 Bxf1 21.Rhxf1 Rc8 22.Rf3 Rc4
23.c3 g6 24.h3 Ke7 25.Kc2 Ba7 26.Kd3 b5 27.Nb3 Rhc8 28.a3 Bb6 29.Rdf1 Rh8
30.g4 hxg4 31.hxg4 f5 32.exf6+ Kxf6 33.Nd4 b4 34.Re1 Bxd4 35.cxd4 bxa3 36.Rfe3 Re8
37.bxa3 Ra4 38.g5+ Kf7 39.Rc1 Rxa3+ 40.Ke2 Ra2+ 41.Kf3 Ra4 42.Rc6 a5 43.Ra6 Rxd4
44.Rxa5 Rd1 45.Ra6 Re7 46.Rd6 Rh1 47.Kg2 Rh8 48.Kg3 Ra8 49.Kf3 Ra4 50.Kg3 d4
51.Re4 Ra3+  1/2-1/2

[Event "75th Ann Karaganda City"]
[Site "Karaganda KAZ"]
[Date "2009.03.05"]
[Round "7"]
[White "Filippov,An UZB"]
[Black "Novoshitskiy,Y"]
[Result "1-0"]
[WhiteElo "2558"]
[BlackElo "2350"]

1.e4 c5 2.Nf3 d6 3.d4 cxd4 4.Nxd4 Nf6 5.Nc3 Nc6 6.Bg5 e6 7.Qd2 Be7 8.O-O-O O-O
9.f4 Nxd4 10.Qxd4 Qa5 11.e5 dxe5 12.Qxe5 Qxe5 13.fxe5 Nd5 14.Bxe7 Nxe7 15.Bc4 a6
16.Rhe1 b5 17.Bd3 Bb7 18.Be4 Bxe4 19.Nxe4 Rfd8 20.Rd6 Nd5 21.b3 b4 22.Kb2 Kf8
23.a3 a5 24.Rxd8+ Rxd8 25.Nd6 Rb8 26.Ra1 f6 27.Nc4 Rb5 28.axb4 axb4 29.Ra8+ Ke7
30.Ra7+ Kf8 31.Ra8+ Ke7 32.Nd6 Rc5 33.Re8+ Kd7 34.Rg8 Ne3 35.Rxg7+ Kc6 36.Nc4 Nxc4+
37.bxc4 Rxe5 38.Rxh7 Kc5 39.h4 Re2 40.h5 Rxg2 41.h6 Rd2 42.Rc7+ Kb6 43.Rc8 Rd7
44.Rf8 f5 45.c3 Kc5 46.Rc8+ Kb6 47.cxb4 Rh7 48.c5+ Kb7 49.Rf8 Kc6 50.Rf6 f4
51.Kc3 Kd5 52.Rxf4  1-0

[Event "25th Open"]
[Site "Cappelle la Grande FRA"]
[Date "2009.03.06"]
[Round "8"]
[White "Smirnov,I UKR"]
[Black "Guilleux,F"]
[Result "1-0"]
[WhiteElo "2505"]
[BlackElo "2303"]

1.e4 c5 2.Nf3 d6 3.d4 cxd4 4.Nxd4 Nf6 5.Nc3 Nc6 6.Bg5 e6 7.Qd2 a6 8.O-O-O Bd7
9.f3 Rc8 10.Nxc6 Bxc6 11.g4 Be7 12.h4 Qc7 13.Bf4 e5 14.Bg5 O-O 15.Bxf6 Bxf6
16.g5 Be7 17.Bh3 Rb8 18.h5 f6 19.g6 h6 20.Nd5 Bxd5 21.Qxd5+ Kh8 22.Rd3 b5
23.Rc3 Qa7 24.Kb1 Bd8 25.Rc6 Bc7 26.Rd1 Rbd8 27.a3 Bb8 28.Bg4 Rfe8 29.Rd3 Re7
30.Bc8 Qg1+ 31.Ka2 Qh2 32.Rdc3 Qxh5 33.Bf5  1-0

[Event "10th EICC"]
[Site "Budva MNE"]
[Date "2009.03.10"]
[Round "5"]
[White "Djukic,Ni"]
[Black "Lupulescu,C"]
[Result "1/2-1/2"]
[WhiteElo "2500"]
[BlackElo "2608"]

1.e4 c5 2.Nf3 d6 3.d4 cxd4 4.Nxd4 Nf6 5.Nc3 Nc6 6.Bg5 e6 7.Qd2 a6 8.O-O-O Bd7
9.f3 h6 10.Be3 b5 11.Nxc6 Bxc6 12.Ne2 Qc7 13.Nd4 Bb7 14.Bd3 e5 15.Nf5 d5
16.exd5 Nxd5 17.Be4 O-O-O 18.Qf2 g6 19.Bxd5 Rxd5 20.Bb6 Qd7 21.Ne3 Rd6 22.Bc5 Rxd1+
23.Rxd1 Qc6 24.Bxf8 Rxf8 25.Nd5 Kb8 26.Nb6 Bc8 27.Qe3 Kb7 28.Nxc8 Rxc8 29.Rd2 Qe6
30.Qe4+ Kb6 31.Rd5 f6 32.a4 Rc4 33.Qd3 Kc6 34.axb5+ axb5 35.Rd8 e4 36.fxe4 Rxe4
37.Rd6+ Qxd6 38.Qxe4+ Kc7 39.Qxg6 Qxh2 40.Qf7+ Kc8 41.Qe8+ Kc7 42.Qe7+ Kc8
43.Qc5+ Kd8 44.Qd5+ Kc7 45.b3 Qf4+ 46.Kb2 Kb6 47.c3 h5 48.Qe6+ Kb7 49.Qe2 Kb6
50.Kc2 h4 51.Kd1 Qg5 52.Qf3 Kc7 53.Ke2 Kd6 54.Qd3+ Kc7 55.Qe4 Kd6 56.Qd3+ Kc7
57.Qf3 Kd6 58.Kd3 Kc7 59.Qe4 Kb6 60.Qe3+ Kc6 61.Qe6+ Kc7 62.Qe7+ Kc6 63.Qe4+ Kb6
64.Qe6+  1/2-1/2

[Event "10th EICC"]
[Site "Budva MNE"]
[Date "2009.03.11"]
[Round "6"]
[White "Tiviakov,S"]
[Black "Damljanovic,B"]
[Result "1-0"]
[WhiteElo "2684"]
[BlackElo "2587"]

1.e4 c5 2.Nf3 d6 3.d4 cxd4 4.Nxd4 Nf6 5.Nc3 Nc6 6.Bg5 e6 7.Qd2 Be7 8.O-O-O Qb6
9.Bxf6 Bxf6 10.Nxc6 bxc6 11.Na4 Qb7 12.Qxd6 Be7 13.Qd4 O-O 14.Bc4 Rb8 15.b3 Qc7
16.e5 Qa5 17.Rd3 Rd8 18.Qc3 Bg5+ 19.Kd1 Rb4 20.Rxd8+ Bxd8 21.Qd2 Be7 22.f4 Qc7
23.Re1 Rb8 24.Re3 Bd7 25.Rd3 Be8 26.Kc1 g6 27.Kb1 Bb4 28.Qe3 Qa5 29.Nb2 Bc5
30.Qe2 Ba3 31.g4 Rd8 32.f5 Rxd3 33.Nxd3 exf5 34.gxf5 Qb6 35.Qe1 gxf5 36.e6 Bf8
37.Nf4 Qc7 38.Nh5 Bg7 39.Qg1 fxe6 40.Nf6+ Kf8 41.Nxh7+ Kg8 42.Nf6+ Kf8 43.Qc5+ Kf7
44.Qxf5 Bxf6 45.Qxe6+ Kg7 46.Qxe8 Qe5 47.Qxe5 Bxe5 48.h3 Kf6 49.b4 Bc3 50.a3 Ke5
51.Ka2 Be1 52.Kb3 Kd6 53.Be2 Bh4 54.Kc4 Bf6 55.Bf3 Bb2 56.a4 Bf6 57.b5 cxb5+
58.Kxb5 Bh4 59.Bb7 Kc7 60.Ba6 Kd6 61.c4 Bf2 62.Bc8 Kc7 63.Bg4 Kd6 64.Be2 Kc7
65.c5 Bh4 66.Kc4 Kd7 67.Bg4+ Ke7 68.Kd5 Bg3 69.c6 Kf6 70.h4 Bf4 71.h5  1-0

[Event "10th EICC"]
[Site "Budva MNE"]
[Date "2009.03.12"]
[Round "7"]
[White "Pikula,D"]
[Black "Gallagher,Jo"]
[Result "1-0"]
[WhiteElo "2570"]
[BlackElo "2480"]

1.e4 c5 2.Nf3 d6 3.d4 cxd4 4.Nxd4 Nf6 5.Nc3 Nc6 6.Bg5 e6 7.Qd2 Be7 8.O-O-O Qb6
9.Nb3 O-O 10.f4 Rd8 11.Bd3 h6 12.h4 Ng4 13.Bxe7 Nxe7 14.Rde1 e5 15.g3 a5
16.Kb1 a4 17.Nc1 Bd7 18.a3 Bc6 19.Rhf1 Qc5 20.Qe2 h5 21.fxe5 Qxe5 22.Bc4 d5
23.Nd3 Qxg3 24.exd5 Nxd5 25.Rxf7 Nxc3+ 26.bxc3 Bd5 27.Bxd5 Rxd5 28.Rxb7 Kh8
29.c4 Rdd8 30.Rb5 Rab8 31.Ka2 Rxb5 32.cxb5 Qc7 33.Nb4 Nf6 34.Kb2  1-0

[Event "10th EICC"]
[Site "Budva MNE"]
[Date "2009.03.12"]
[Round "7"]
[White "Chirila,I"]
[Black "Kozul,Z"]
[Result "1-0"]
[WhiteElo "2485"]
[BlackElo "2594"]

1.e4 c5 2.Nf3 Nc6 3.d4 cxd4 4.Nxd4 Nf6 5.Nc3 d6 6.Bg5 e6 7.Qd2 a6 8.O-O-O Bd7
9.f4 b5 10.Bxf6 gxf6 11.Kb1 Qb6 12.Nce2 h5 13.g3 Rc8 14.Bg2 Nxd4 15.Nxd4 h4
16.g4 h3 17.Bf3 b4 18.Rhg1 a5 19.g5 fxg5 20.fxg5 Bg7 21.Ne2 Bc3 22.Qc1 Be5
23.g6 fxg6 24.Nf4 Bxf4 25.Qxf4 Rf8 26.Qg3 Qc5 27.Qxg6+ Kd8 28.Bg4 Rf2 29.Rc1 Qe5
30.Bxh3 Rxh2 31.Bf1 a4 32.Rg5 Qf4 33.Bd3 Kc7 34.Ra5 Qe3 35.e5 dxe5 36.Qg7 Rch8
37.Rxe5 Qd4 38.Qg3 Qd6 39.Qe3 Rh1 40.Qa7+ Kd8 41.Ree1 Rxe1 42.Rxe1 Rh5 43.Rg1 Qc5
44.Rg8+  1-0

[Event "10th EICC"]
[Site "Budva MNE"]
[Date "2009.03.14"]
[Round "8"]
[White "Kurnosov,I"]
[Black "D'Costa,L"]
[Result "1-0"]
[WhiteElo "2602"]
[BlackElo "2445"]

1.e4 c5 2.Nf3 d6 3.d4 cxd4 4.Nxd4 Nf6 5.Nc3 Nc6 6.Bg5 e6 7.Qd2 a6 8.O-O-O Bd7
9.f3 Rc8 10.Kb1 Be7 11.Be3 h5 12.Bd3 b5 13.h3 h4 14.f4 Nxd4 15.Bxd4 Bc6 16.a3 Qd7
17.Rhe1 Qb7 18.e5 dxe5 19.fxe5 Nd5 20.Ne4 b4 21.Nd6+ Bxd6 22.exd6 bxa3 23.Qg5 f6
24.Rxe6+ Kf7 25.Qg4 Bd7 26.Rde1 Kf8 27.Re7 Nxe7 28.dxe7+ Kg8 29.Qg6 Qc6 30.Bxf6 Qxf6
31.e8=Q+ Bxe8 32.Rxe8+ Rxe8 33.Qxe8+  1-0

[Event "10th EICC"]
[Site "Budva MNE"]
[Date "2009.03.14"]
[Round "8"]
[White "Petrosian,TL"]
[Black "Sanikidze,T"]
[Result "1/2-1/2"]
[WhiteElo "2623"]
[BlackElo "2522"]

1.e4 c5 2.Nf3 d6 3.d4 cxd4 4.Nxd4 Nf6 5.Nc3 Nc6 6.Bg5 e6 7.Qd2 Qb6 8.Bxf6 gxf6
9.Nb3 Bd7 10.O-O-O O-O-O 11.f4 Rg8 12.Kb1 Kb8 13.Qe2 Rc8 14.Qh5 Rg7 15.g3 Nb4
16.Be2 Bc6 17.Bf3 Na6 18.Rhf1 Nc5 19.Qh4 Be7 20.Qh6 Rcg8 21.Nd4 Bd7 22.Bg2 Rg6
23.Qxh7 Qd8 24.f5 Rg5 25.b4 Rh8 26.Qxf7 Rf8 27.Qh7 Rh8 28.Qf7 Rf8 29.Qh7 Rh8  1/2-1/2

[Event "10th EICC"]
[Site "Budva MNE"]
[Date "2009.03.14"]
[Round "8"]
[White "Kreisl,R"]
[Black "Berke,A"]
[Result "1-0"]
[WhiteElo "2394"]
[BlackElo "2081"]

1.e4 c5 2.Nf3 d6 3.d4 cxd4 4.Nxd4 Nf6 5.Nc3 Nc6 6.Bg5 Bd7 7.Qd2 Rc8 8.f3 a6
9.O-O-O Nxd4 10.Qxd4 Qa5 11.h4 h6 12.Bd2 g6 13.Kb1 Qc5 14.Qxc5 Rxc5 15.Be3 Rc8
16.Bd4 e5 17.Be3 Be7 18.g4 Be6 19.Nd5 Nxd5 20.exd5 Bd7 21.Bd3 f5 22.h5 g5
23.Rhf1 Rf8 24.c4 Bd8 25.b3 Ke7 26.Be2 Kf7 27.Rc1 b6 28.b4 Kg7 29.Rfe1 Rb8
30.Kc2 Bf6 31.Kd2 Rfc8 32.Rb1 a5 33.bxa5 bxa5 34.Ba7 Rb4 35.a3 Rxb1 36.Rxb1 Bd8
37.c5 Ba4 38.c6 Kf6 39.Ba6 Ra8 40.Rb7 Bb6 41.Bxb6 Rxa6 42.Bd8+  1-0

[Event "10th EICC"]
[Site "Budva MNE"]
[Date "2009.03.14"]
[Round "8"]
[White "Gallagher,Jo"]
[Black "Erturan,Y"]
[Result "1/2-1/2"]
[WhiteElo "2480"]
[BlackElo "2372"]

1.e4 c5 2.Nf3 d6 3.d4 cxd4 4.Nxd4 Nf6 5.Nc3 Nc6 6.Bg5 e6 7.Qd2 a6 8.O-O-O Bd7
9.f4 h6 10.Bh4 Nxe4 11.Qe1 Nf6 12.Nf5 Qa5 13.Nxd6+ Bxd6 14.Rxd6 Nb4 15.Qe5 Nxa2+
16.Nxa2 Qxa2 17.Bxf6 gxf6 18.Qxf6 Rg8 19.g3 Qa1+ 20.Kd2 Qa5+ 21.Qc3 Qxc3+
22.Kxc3 Bc6 23.Rg1 Ke7 24.Rd4 Rac8  1/2-1/2

[Event "FSIMB March"]
[Site "Budapest HUN"]
[Date "2009.03.15"]
[Round "9"]
[White "Szalanczy,E"]
[Black "Farago,S"]
[Result "1-0"]
[WhiteElo "2336"]
[BlackElo "2263"]

1.e4 c5 2.Nf3 Nc6 3.d4 cxd4 4.Nxd4 Nf6 5.Nc3 d6 6.Bg5 h6 7.Bxf6 gxf6 8.Bc4 h5
9.Bb3 e6 10.O-O a6 11.Kh1 Qb6 12.Nde2 Bd7 13.f4 O-O-O 14.f5 Ne5 15.Qd4 Qa5
16.Rad1 d5 17.fxe6 fxe6 18.exd5 Bc5 19.Qf4 Ng4 20.dxe6 Bc6 21.e7 Rxd1 22.Nxd1 Bd7
23.Nec3 Bxe7 24.Nd5 Bc5 25.N1c3 h4 26.h3 b5 27.a4 Kb7 28.axb5  1-0